| 000 | 00407nam a22001697a 4500 | ||
|---|---|---|---|
| 003 | CEME | ||
| 005 | 20210628203752.0 | ||
| 008 | 210305b xxu||||| |||| 00| 0 eng d | ||
| 040 | _c. | ||
| 082 | _a891.4391 ZAM | ||
| 100 |
_aZameer Jaferi, Syed _967216 |
||
| 245 | _aMusadas budhali | ||
| 260 |
_aISLAMABAD _bDOST PUBLICATIONS _c1996 |
||
| 300 | _a185P | ||
| 650 |
_aURDU POETRY _9751 |
||
| 942 |
_cBK _2ddc |
||
| 999 |
_c575045 _d575045 |
||